00600nam a22001697a 4500020001500000040000900015082001800024100002800042110003300070245006300103250001900166260003600185650007100221942001200292999001900304952010700323 a0070502072 cNUST a621.4022bPTI aPitts ,Donald .R981114 aSissom , Leighton .E9123539 aSchaum's Outline of Theory and Problems of Heat Transfer  aSecond Edition aNew York:bMcGraw -Hill,c1988. aSchaum's Outline of Theory and Problems of Heat Transfer 9123540 2ddccBK c609708d609708 00102ddc4070aCEMEbCEMEcGENd2024-06-12l0o621.4022 PTIpCEME- 43414r2024-06-12w2024-06-12yBK